000 00667nam a2200265Ia 4500
003 OSt
005 20221007104541.0
006 a|||||r|||| 00| 0
007 ta
008 221006b |||||||| |||| 00| 0 eng d
020 _a8171770371
024 _a16,159
037 _cTextual
040 _aLCO
_cLCO
_beng
041 _2eng
_aeng
082 _aZ2,7,26, N4
100 _aMitra B.B.
_9346001
245 0 _aLimitation Act 1963
250 _a19th
260 _aCalcutta
_bEastern Book House India
_c1994
300 _a1287
650 _aLIMITATION ACT
_9681746
942 _hZ2,7,26, N4
_cTEXL
999 _c1185722
_d1185722